Carregando...
ORE BHOOMI ORE REKTHAM
| Autor principal: | |
|---|---|
| Formato: | Printed Book |
| Publicado em: |
KODUANGLOOR
KERALA BOOK HOUSE
1966
|
| Assuntos: |
| LEADER | 00468nam a2200169 4500 | ||
|---|---|---|---|
| 020 | |||
| 082 | |a 894.812 2 EVG | ||
| 100 | |a EVG | ||
| 245 | |a ORE BHOOMI ORE REKTHAM |h Malayalam | ||
| 250 | |||
| 260 | |a KODUANGLOOR |b KERALA BOOK HOUSE |c 1966 | ||
| 300 | |a 143 p |f PB | ||
| 650 | |a ONE BHOOMI ORE REKTHAM | ||
| 700 | |||
| 942 | |c TB | ||
| 999 | |c 153506 |d 153506 | ||
| 952 | |0 0 |1 0 |4 0 |6 894_812000000000000_2_EVG |7 0 |9 166963 |a ORI |b ORI |l 0 |o 894.812 2 EVG |p ORI1806 |r 2019-10-25 |w 2019-10-25 |y TB | ||